[Event "AUTO-INT-2754"]
[Site "http://www.queenalice.com/game.php?id=1230678"]
[Date "2013.11.7"]
[Round "1"]
[White "alvm"]
[Black "ranillo"]
[Result "1-0"]
[WhiteElo "1695"]
[BlackElo "1554"]

1. d4 d5 2. c4 Nc6 3. cxd5 Qxd5 4. Nf3 e5 5. Nc3 Bb4 6. Bd2 Bxc3 7. Bxc3 e4 8.
Ne5 Nge7 9. Nxc6 Nxc6 10. e3 O-O 11. Rc1 Be6 12. b3 Qg5 13. h4 Qg4 14. d5 Rad8
15. Qxg4 Bxg4 16. dxc6 b6 17. Bc4 Rd6 18. Bb4 Rxc6 19. Bxf8 Kxf8 20. O-O Rh6 21.
Bd5 f5 22. g3 Bf3 23. Rxc7 g5 24. Rf7+ Ke8 25. Rxf5 gxh4 26. Bxe4 Bg4 27. Re5+
Kf7 28. f3 Bh3 29. Rc1 hxg3 30. Rc7+ Kf8 31. Bd5 Rf6 32. Rxh7 Bf5 33. Rh4 Bd3
34. Rh8+ 1-0

[Event "AUTO-INT-2754"]
[Site "http://www.queenalice.com/game.php?id=1230679"]
[Date "2013.11.7"]
[Round "1"]
[White "ranillo"]
[Black "Jomaley"]
[Result "1-0"]
[WhiteElo "1488"]
[BlackElo "1513"]

1. e4 e5 2. Nf3 Qf6 3. Nc3 c6 4. Bc4 Bb4 5. a3 Bxc3 6. dxc3 h6 7. Be3 h5 8. Bg5
Qg6 9. O-O f6 10. Bh4 d6 11. Qxd6 Rh6 12. Nxe5 fxe5 13. Qd8# 1-0

[Event "AUTO-INT-2754"]
[Site "http://www.queenalice.com/game.php?id=1230680"]
[Date "2013.11.7"]
[Round "1"]
[White "Jomaley"]
[Black "ranillo"]
[Result "0-1"]
[WhiteElo "1497"]
[BlackElo "1577"]

1. Nf3 Nc6 2. c3 Nf6 3. e3 e5 4. Bc4 d5 5. Bb5 Bd6 6. Bxc6+ bxc6 7. b4 O-O 8. d4
e4 9. Ng5 Ng4 10. h4 f5 11. g3 h5 12. O-O Qe8 13. a4 Ba6 14. b5 cxb5 15. axb5
Bxb5 16. Ra5 Bxf1 17. Qxf1 Qc6 18. Qb5 Qxb5 19. Rxb5 Rab8 20. Rxb8 Rxb8 21. Na3
Rb3 22. Kg2 Rxc3 23. Bd2 Rxa3 24. Ne6 Ra2 25. Be1 a5 26. Nf4 Nxe3+ 27. Kh3 Bxf4
28. gxf4 Ng4 29. Bc3 Nxf2+ 30. Kg3 Ra3 31. Kxf2 Rxc3 32. Ke2 Rd3 33. Kf2 Kf7 34.
Ke2 Rxd4 35. Ke3 Rd3+ 36. Ke2 a4 37. Ke1 a3 0-1

[Event "AUTO-OPEN-3117"]
[Site "http://www.queenalice.com/game.php?id=1230695"]
[Date "2013.11.7"]
[Round "1"]
[White "ranillo"]
[Black "RobertD"]
[Result "1-0"]
[WhiteElo "1511"]
[BlackElo "1924"]

1. e4 e5 2. Nf3 d6 3. Bc4 Be6 4. Bd5 c6 5. Bxe6 fxe6 6. d3 Nf6 7. Nc3 Be7 8. Ng5
O-O 9. Nxe6 Qe8 10. O-O Na6 11. Nxf8 Qxf8 12. f4 Qd8 13. f5 d5 14. a3 Qb6+ 15.
Kh1 d4 16. Ne2 Rf8 17. Ng3 c5 18. Rb1 Qc6 19. Bg5 h6 20. Bxf6 Qxf6 21. Nh5 Qg5
22. Qf3 g6 23. f6 Nc7 24. Qg3 Bxf6 25. Qxg5 Bxg5 26. Rxf8+ Kxf8 27. Rf1+ Ke7 28.
Ng3 Ne6 29. Ne2 b5 30. b4 c4 31. dxc4 bxc4 32. b5 d3 33. cxd3 cxd3 34. Nc3 Nc5
35. a4 Bd2 36. Nd5+ Ke8 37. Nf6+ Kd8 38. Ng4 Bc3 39. Rf6 Nxe4 40. Rxg6 Bd4 41.
g3 d2 42. Kg2 d1=Q 43. Nxh6 Ng5 44. Rxg5 Qd2+ 45. Kf3 Qxg5 46. Nf7+ 1-0

[Event "AUTO-OPEN-3117"]
[Site "http://www.queenalice.com/game.php?id=1230696"]
[Date "2013.11.7"]
[Round "1"]
[White "RobertD"]
[Black "ranillo"]
[Result "0-1"]
[WhiteElo "1915"]
[BlackElo "1485"]

1. e4 e5 2. Nf3 Nc6 3. Bc4 Nf6 4. Nc3 Bc5 5. O-O O-O 6. d3 d5 7. exd5 Nd4 8.
Nxe5 Re8 9. Nf3 Bg4 10. Bf4 Nh5 11. Be3 Bxf3 12. gxf3 Qh4 13. Ne4 Rxe4 14. fxe4
Bd6 15. f4 Nxf4 16. Bxf4 Bxf4 17. Rxf4 Qxf4 18. Qf1 Nf3+ 0-1

[Event "AUTO-OPEN-3117"]
[Site "http://www.queenalice.com/game.php?id=1230697"]
[Date "2013.11.7"]
[Round "1"]
[White "ranillo"]
[Black "Felipe162503"]
[Result "1/2-1/2"]
[WhiteElo "1507"]
[BlackElo "2037"]

1. e4 e5 2. Nf3 Nc6 3. Bc4 Bc5 4. Nc3 Nf6 5. d3 h6 6. O-O O-O 7. Qe2 d6 8. Kh1
Bg4 9. Be3 Bd4 10. Nd5 a6 11. c3 Ba7 12. h3 Bh5 13. Rg1 Nxd5 14. Bxd5 Bxe3 15.
fxe3 Rb8 16. Raf1 Ne7 17. g4 Bg6 18. g5 Nxd5 19. exd5 h5 20. e4 Qd7 21. Qg2 c6
22. Nh4 cxd5 23. Nf5 dxe4 24. dxe4 d5 25. Qd2 Bxf5 26. exf5 g6 27. Rg3 Qc6 28.
Kh2 Rbd8 29. Qd3 e4 30. Qd4 Qd6 31. Kg2 Rc8 32. Qf6 Qc6 33. Qd4 Qb5 34. Rf2 Rc6
35. a4 Qc4 36. Qe5 Rcc8 37. fxg6 fxg6 38. Qe6+ Kg7 39. Qe7+ Kg8 40. Qe6+ Kh8 41.
Rf6 Qe2+ 42. Kh1 Rce8 43. Qxd5 Rxf6 44. gxf6 Qf1+ 45. Kh2 Qxf6 46. Qxb7 e3 47.
Qd7 Rf8 48. Qd4 Qxd4 49. cxd4 Re8 50. Rg1 Rd8 51. Rxg6 Rxd4 52. Re6 Rxa4 53.
Rxe3 Ra2 54. Rb3 Kg7 55. Kg3 Kg6 56. h4 Kf5 57. Rf3+ Kg6 58. b4 Rb2 59. Rf4 Rb3+
60. Kf2 Ra3 61. Ke2 Ra4 62. Ke3 Ra3+ 63. Kd4 Ra4 64. Ke5 Ra1 65. Rf6+ Kg7 66.
Rf4 a5 67. bxa5 Rxa5+ 68. Ke4 1/2-1/2

[Event "AUTO-OPEN-3117"]
[Site "http://www.queenalice.com/game.php?id=1230698"]
[Date "2013.11.7"]
[Round "1"]
[White "Felipe162503"]
[Black "ranillo"]
[Result "1-0"]
[WhiteElo "1906"]
[BlackElo "1371"]

1. c4 e6 2. Nc3 a6 3. g3 c5 4. Bg2 Nc6 5. e3 Nf6 6. Nge2 g6 7. O-O Bg7 8. d4
cxd4 9. exd4 O-O 10. Bg5 Qc7 11. Qd2 b6 12. d5 exd5 13. cxd5 Ne5 14. d6 Nc4 15.
dxc7 Nxd2 16. Bxd2 Ra7 17. Bf4 Nh5 18. Bd6 Re8 19. Rad1 b5 20. Nf4 Nf6 21. Rfe1
h6 22. Nfd5 Bb7 23. Nxf6+ Bxf6 24. Rxe8+ Kg7 25. Bxb7 Rxb7 26. c8=Q 1-0

[Event "AUTO-OPEN-3117"]
[Site "http://www.queenalice.com/game.php?id=1230699"]
[Date "2013.11.7"]
[Round "1"]
[White "ranillo"]
[Black "puddschini"]
[Result "1-0"]
[WhiteElo "1507"]
[BlackElo "2549"]

1. e4 e6 2. Nf3 d5 3. e5 c5 4. c3 Nc6 5. d4 Bd7 6. Bd3 cxd4 7. cxd4 Qb6 8. O-O
Nxd4 9. Be3 Nxf3+ 10. Qxf3 Qxb2 11. Nd2 Qxe5 12. Bf4 Qf6 13. Rab1 b6 14. Ba6 Bc5
15. Qg3 Ne7 16. Bb7 Rb8 17. Bxb8 1-0

[Event "AUTO-OPEN-3117"]
[Site "http://www.queenalice.com/game.php?id=1230700"]
[Date "2013.11.7"]
[Round "1"]
[White "puddschini"]
[Black "ranillo"]
[Result "1-0"]
[WhiteElo "2552"]
[BlackElo "1513"]

1. e4 e5 2. Nf3 Nc6 3. Bb5 Nce7 4. Nxe5 Nf6 5. Nc3 c6 6. Bc4 d5 7. exd5 Nexd5 8.
Nxd5 Nxd5 9. d4 Bd6 10. O-O O-O 11. Re1 Qc7 12. Qf3 Be6 13. Bb3 Rae8 14. Bd2 f6
15. Nd3 Bxh2+ 16. Kh1 Bd6 17. c4 Qd7 18. cxd5 cxd5 19. Rxe6 Rxe6 20. Qxd5 Re8
21. Nf4 Kh8 22. Nxe6 Qe7 23. Re1 Bb8 24. Ba4 f5 25. Bxe8 Qxe8 26. Qxb7 Qh5+ 27.
Kg1 Qh2+ 28. Kf1 Qh1+ 29. Ke2 Qh5+ 30. Kd3 1-0

[Event "AUTO-INT-2755"]
[Site "http://www.queenalice.com/game.php?id=1231115"]
[Date "2013.11.9"]
[Round "1"]
[White "AndreChess"]
[Black "ranillo"]
[Result "0-1"]
[WhiteElo "1656"]
[BlackElo "1543"]

1. e4 e5 2. Nf3 Nc6 3. Bb5 Nce7 4. Nxe5 Nf6 5. d3 c6 6. Ba4 Qa5+ 7. Nc3 Qxe5 8.
f4 Qh5 9. Be3 Qh4+ 10. g3 Qh3 11. Qd2 d6 12. O-O-O Bg4 13. Rdf1 Ng6 14. Bb3 Be7
15. f5 Ne5 16. Qf2 Bf3 17. Rhg1 Nfg4 18. Qd2 Nxh2 19. Rf2 Neg4 20. Rxf3 Nxf3 21.
Qg2 Nxg1 22. Qxg1 Nxe3 23. Qxe3 Qg4 0-1

[Event "AUTO-INT-2755"]
[Site "http://www.queenalice.com/game.php?id=1231116"]
[Date "2013.11.9"]
[Round "1"]
[White "ranillo"]
[Black "AndreChess"]
[Result "0-1"]
[WhiteElo "1587"]
[BlackElo "1623"]

1. e4 e5 2. Nf3 d6 3. Bc4 Be6 4. d3 Nc6 5. Nc3 Bxc4 6. dxc4 h6 7. Be3 g5 8. Qe2
Bg7 9. h3 Nge7 10. O-O-O Ng6 11. Rd2 O-O 12. g3 a6 13. Rhd1 b5 14. c5 Qe8 15.
cxd6 cxd6 16. Rxd6 Rd8 17. Bb6 Rxd6 18. Rxd6 f5 19. Qd2 fxe4 20. Nxe4 Rxf3 21.
Qd5+ Rf7 22. Qxc6 Qxc6 23. Rxc6 Ne7 24. Bc5 Nxc6 25. Nd6 Rf3 26. Ne4 Bf8 27. Be3
Kf7 28. h4 gxh4 29. gxh4 Kg6 30. Nd2 Rh3 31. h5+ Rxh5 32. c3 Rh1+ 33. Kc2 h5 34.
Nf3 e4 35. Ng5 Be7 36. Nxe4 h4 37. f4 h3 38. f5+ Kf7 39. Bf4 Rf1 40. Bd6 Bxd6
41. Nxd6+ Kf6 42. Ne4+ Ke5 43. Ng5 h2 44. Nf7+ Kxf5 45. Nh6+ Kg6 46. Ng4 h1=Q
0-1

[Event "AUTO-INT-2755"]
[Site "http://www.queenalice.com/game.php?id=1231129"]
[Date "2013.11.9"]
[Round "1"]
[White "ricardo100"]
[Black "ranillo"]
[Result "1-0"]
[WhiteElo "1657"]
[BlackElo "1590"]

1. e4 e5 2. Nf3 Nc6 3. Bb5 Nce7 4. Nxe5 Nf6 5. d3 c6 6. Bc4 Qa5+ 7. Bd2 Qxe5 8.
Nc3 Qh5 9. Qxh5 Nxh5 10. Ne2 a5 11. O-O b5 12. Bxf7+ Kxf7 13. f4 Ng6 14. f5 Ne5
15. b3 Be7 16. g4 Nxg4 17. h3 Ngf6 18. Rf2 Bd6 19. a3 Rf8 20. Kg2 Kg8 21. Nf4
Bc7 22. Nxh5 1-0

[Event "AUTO-INT-2755"]
[Site "http://www.queenalice.com/game.php?id=1231130"]
[Date "2013.11.9"]
[Round "1"]
[White "ranillo"]
[Black "ricardo100"]
[Result "0-1"]
[WhiteElo "1577"]
[BlackElo "1670"]

1. e4 e5 2. Nf3 Nf6 3. Bc4 d6 4. d4 exd4 5. Nxd4 Be7 6. Nf5 Bxf5 7. exf5 O-O 8.
O-O Qd7 9. Qf3 Nc6 10. c3 Ne5 11. Qe2 Qxf5 12. Bb3 c5 13. Bc2 Qd7 14. Nd2 b5 15.
Ne4 Nxe4 16. Bxe4 Rad8 17. Bf4 a6 18. Rad1 Qe6 19. Rfe1 f6 20. Bd5 Qxd5 21. Rxd5
Rfe8 22. Bc1 c4 0-1

[Event "AUTO-INT-2755"]
[Site "http://www.queenalice.com/game.php?id=1231139"]
[Date "2013.11.9"]
[Round "1"]
[White "ranillo"]
[Black "JamesBrown"]
[Result "1-0"]
[WhiteElo "1371"]
[BlackElo "1430"]

1. e4 e5 2. Nf3 d6 3. Bc4 Be6 4. d3 b5 5. Bxb5+ c6 6. Ba4 Qa5+ 7. Nc3 Bd7 8. O-O
d5 9. exd5 cxd5 10. Bb3 d4 11. Nd5 Ne7 12. Nxe5 Nxd5 13. Nxf7 Kxf7 14. Qh5+ g6
15. Bxd5+ Be6 16. Qf3+ Ke8 17. Bxe6 Qe5 18. Qf7+ Kd8 19. Bf4 Qg7 20. Bc7# 1-0

[Event "AUTO-INT-2755"]
[Site "http://www.queenalice.com/game.php?id=1231140"]
[Date "2013.11.9"]
[Round "1"]
[White "JamesBrown"]
[Black "ranillo"]
[Result "0-1"]
[WhiteElo "1454"]
[BlackElo "1334"]

1. e4 e5 2. Bc4 Nc6 3. Nf3 Nf6 4. d4 exd4 5. Nxd4 Nxe4 6. Qg4 d5 7. Qe2 Nxd4 8.
Qd3 Bc5 9. Nc3 Nxc3 10. bxc3 dxc4 11. Qxc4 Nxc2+ 12. Kf1 Qd1# 0-1

[Event "AUTO-BEG-596"]
[Site "http://www.queenalice.com/game.php?id=1234464"]
[Date "2013.11.22"]
[Round "1"]
[White "ranillo"]
[Black "Laucin"]
[Result "1-0"]
[WhiteElo "1575"]
[BlackElo "925"]

1. e4 e6 2. d4 d5 3. e5 Nc6 4. Nf3 a5 5. a4 Nb4 6. c3 Nc6 7. Bd3 Na7 8. O-O Bd7
9. h3 h5 10. Bg5 Qc8 11. Nh4 Bc6 12. Qf3 Bxa4 13. Rxa4 Nc6 14. Nd2 Nge7 15. Nb3
Ng8 16. Bg6 Nd8 17. Bxd8 Qxd8 18. Qxf7# 1-0

[Event "AUTO-BEG-596"]
[Site "http://www.queenalice.com/game.php?id=1234483"]
[Date "2013.11.22"]
[Round "1"]
[White "ranillo"]
[Black "Narizinho"]
[Result "1-0"]
[WhiteElo "1577"]
[BlackElo "1298"]

1. e4 e5 2. Nf3 Nf6 3. Nc3 Nc6 4. Bc4 Bb4 5. d3 O-O 6. O-O a6 7. Bg5 b5 8. Bb3
d6 9. Nd5 Nd4 10. Nxd4 exd4 11. Nxb4 Qd7 12. Bxf6 gxf6 13. Qh5 a5 14. Nd5 Qd8
15. Qh6 c6 16. Nxf6+ Kh8 17. Qxh7# 1-0

[Event "AUTO-BEG-596"]
[Site "http://www.queenalice.com/game.php?id=1234484"]
[Date "2013.11.22"]
[Round "1"]
[White "Narizinho"]
[Black "ranillo"]
[Result "0-1"]
[WhiteElo "1299"]
[BlackElo "1572"]

1. d4 Nf6 2. Nf3 a6 3. Nc3 d5 4. Bg5 e6 5. e3 c5 6. dxc5 Nc6 7. Bd3 Bxc5 8. O-O
O-O 9. e4 dxe4 10. Bxe4 Be7 11. a3 Qb6 12. Qc1 Bd7 13. b4 Rac8 14. Ne2 Nxe4 15.
c3 a5 16. bxa5 Qxa5 17. c4 Nxg5 18. Nxg5 Bxg5 19. Qxg5 Qxg5 20. a4 Ne5 21. c5
Nf3+ 22. Kh1 Bc6 23. a5 Rfd8 24. gxf3 Bxf3# 0-1